000
00250nam a2200097Ia 4500
082
_a
EF FISH
245
0
_a
Return of the tall man
100
_a
FISHER, Clay Bath, 2003
_9
96491
942
_c
BK
008
210817s9999 xx 000 0 und d
999
_c
405589
_d
405588